Autism : the facts
Αποθηκεύτηκε σε:
| Κύριος συγγραφέας: | |
|---|---|
| Άλλοι συγγραφείς: | |
| Μορφή: | Βιβλίο |
| Γλώσσα: | English |
| Δημοσίευση: |
New York :
Oxford University Press,
1993
|
| Θέματα: | |
| Ετικέτες: |
Προσθήκη ετικέτας
Δεν υπάρχουν, Καταχωρήστε ετικέτα πρώτοι!
|
MARC
| LEADER | 00000nam a2200000 i 4500 | ||
|---|---|---|---|
| 001 | 1/92839 | ||
| 008 | 991116s1993 eng d | ||
| 020 | |a 0-19-262327-3 | ||
| 035 | |l 10054198 | ||
| 040 | |a GR-MY-UA |b gre |e aacr | ||
| 041 | 0 | |a eng | |
| 082 | 0 | |a 618.928982 | |
| 100 | 1 | |a Baron-Cohen, Simon. | |
| 245 | 1 | 0 | |a Autism : |b the facts / |c Simon Baron-Cohen, Patrick Bolton |
| 260 | |a New York : |b Oxford University Press, |c 1993 | ||
| 300 | |a 113 p. | ||
| 650 | 0 | 0 | |a Autism in children |x Popular works. |
| 700 | 1 | |a Bolton, Patrick. | |
| 852 | |a INST |b RHODES |e 19991116 |h 618.928982 BAR |p 005400012385 |q 005400012385 |t BK |y 0 | ||
| 901 | |a BIBL4-1999-3 | ||
| 909 | |a Ρ |b 069120 | ||
| 922 | |a 4ΕΛΗ |b 199909 |c ΚΠΣ/154 |d GLORY BOOKS | ||
| 970 | |a ΚΟΥΛΑΚΙΟΤΗ |b ΛΙΤΣΑ |z 1999/11/16 | ||